Para una teoría de la formación: dinámica de la formatividad

Furkejuvvon:
Bibliográfalaš dieđut
Váldodahkki: Honore, Bernard (Dahkki)
Materiálatiipa: Girji
Giella:espánnjágiella
Almmustuhtton: Madrid Narcea S. A 1980
Fáttát:
Fáddágilkorat: Lasit fáddágilkoriid
Eai fáddágilkorat, Lasit vuosttaš fáddágilkora!

MARC

LEADER 00000nam a2200000 a 4500
001 UCG1850
003 CL-VaPUC
008 100520e19800000SP |||||||||||||||||spa|d
020 |a 8427704348 
082 0 4 |a 155.2  |b HON  |2 21 
100 0 |a Honore, Bernard  |e author  |9 549930 
245 1 0 |a Para una teoría de la formación: dinámica de la formatividad 
300 |a 176 p 
942 |c BK 
945 |d 20100520 00:00:00  |a dcastane 
260 |a Madrid  |b Narcea S. A  |c 1980 
650 0 |a Psicología   |9 257863 
650 0 |a Motivación   |9 315362 
650 0 |a Creatividad   |9 310816 
650 0 |a Valores morales   |9 310604 
650 0 |a Personalidad   |9 307255 
650 0 |a Desarrollo Personal  |9 390751 
583 |a last modification  |c 20100520 00:00:00  |k Rodrigo Vera 
999 |c 341108  |d 341106 
952 |0 0  |1 0  |4 0  |6 155_200000000000000_HON_1980  |7 0  |8 P  |9 436387  |a BIBEDU  |b BIBEDU  |c BIBEDU_PB  |d 2019-11-22  |i 467863K  |o 155.2 HON 1980  |p 467863K  |r 2024-01-25  |w 2019-11-22  |y BK  |k EPE